000 00718nam a2200289Ia 4500
005 20260324121558.0
008 008 260324s9999 xx 000 0 eng d
020 _a9781315581026
037 _aEBOOK
040 _aCRL
040 _beng
040 _cCRL
041 _2eng
041 _aeng
084 _qCRL
100 _aMario Telò
_91163058
245 0 _aEuropean Union and New Regionalism
245 0 _bCompeting Regionalism and Global Governance in a Post-Hegemonic Era
260 _bTaylor and Francis
260 _c2014
365 _a
365 _b230
856 _uhttp://www.taylorfrancis.com/books/9781315581026
942 _cEBOOK
999 _c1755262
_d1755262